Missing Word: Jazz A-Z Quiz Stats

 Plays Quiz Updated May 17, 2016

Challenge
Share
Tweet
Embed
Score 0/24 Timer 04:00
0 Plays Today
Hint Answer % Correct
Queen of Jazz vocalist Ella ______Fitzgerald
97.4%
Trumpeter ______ 'Satchmo' ArmstrongLouis
95.9%
Prolific composer, pianist, and bandleader Duke ______Ellington
95.7%
'Kind of Blue' trumpeter ______ DavisMiles
93.8%
Bent trumpet player ______ GillespieDizzy
92.6%
Jazz and funk pianist ______ HancockHerbie
86.6%
Clarinetist and bandleader Benny ______Goodman
85.9%
Trumpeter, band leader, and film score composer, ______ JonesQuincy
83.3%
Pianist and band leader Count ______Basie
82.7%
Notable ragtime composer Scott ______ Joplin
82.5%
Bossa nova classic 'The Girl from ______'Ipanema
76.8%
Band leader best known for 'Minnie the Moocher' Cab ______Calloway
76.5%
Hint Answer % Correct
Singer and civil rights activist ______ SimoneNina
71.1%
'Straight, No Chaser' pianist ______ MonkThelonious
69.7%
'Sassy' vocalist Sarah ______Vaughan
67.4%
Natalie Cole's Grammy-winning duet with her deceased father, '_____'Unforgettable
58.7%
Jazz at Lincoln Center director ______ MarsalisWynton
58%
The Jazz Messengers drummer ______ BlakeyArt
47.6%
Big band drummer Gene ______Krupa
46.5%
Tenor saxophonist ______ RollinsSonny
44.2%
Tenor saxophonist Lester 'The Prez' _____Young
42.5%
Italian-American bandleader Louis ______Prima
36.3%
Free jazz saxophonist ______ ColemanOrnette
31.3%
Bebop drummer Max ______Roach
29.1%

Today's Daily Dose

You're not logged in!

Compare scores with friends on all Sporcle quizzes.
OR
Log In

You Might Also Like...

Show Comments

Extras

Top Quizzes Today


Score Distribution

Your Account Isn't Verified!

In order to create a playlist on Sporcle, you need to verify the email address you used during registration. Go to your Sporcle Settings to finish the process.

Report this User

Report this user for behavior that violates our Community Guidelines.

Details: